LEADER 00934cam0-22003491i-450- 001 990003819580403321 005 20080318100230.0 010 $a88-430-1582-6 035 $a000381958 035 $aFED01000381958 035 $a(Aleph)000381958FED01 035 $a000381958 100 $a20030910d2000----km-y0itay50------ba 101 0 $aita 102 $aIT 105 $af-------001yy 200 1 $aScuola, orientamento, lavoro$fa cura di Letizia Sgalambro 210 $aRoma$cCarocci$d2000 215 $a212 p.$cill.$d24 cm 225 1 $a<>manuali$v107 610 0 $aScuola$aOrientamento 676 $a371.42 702 1$aSgalambro,$bLetizia 801 0$aIT$bUNINA$gRICA$2UNIMARC 901 $aBK 912 $a990003819580403321 952 $a371.42 SGA 1$b46$fBFS 952 $aP.1 PESC 84$bBibl. 34907$fFLFBC 959 $aBFS 959 $aFLFBC 996 $aScuola, orientamento, lavoro$9506124 997 $aUNINA